000 01024cam a2200313 i 4500
001 on1482624087
003 EG-ScBUE
005 20260407104332.0
008 241219s2025 enka f b 001 0 eng d
020 _a9781350133495
035 _a(OCoLC)1482624087
040 _aTOH
_beng
_erda
_cTOH
_dYDX
_dEG-ScBUE
082 0 4 _a745.409
_222
_bDES
245 0 4 _aThe design history reader /
_cedited by Grace Lees-Maffei and Rebecca Houze.
250 _aSecond edition.
264 1 _aLondon ;
_aNew York :
_bBloomsbury Visual Arts,
_c2025.
300 _a491 pages :
_billustrations ;
_c25 cm
336 _atext
_btxt
_2rdacontent
337 _aunmediated
_bn
_2rdamedia
338 _avolume
_bnc
_2rdacarrier
500 _aPrevious edition published in 2010.
504 _aIncludes bibliographical references and index.
650 7 _aDesign
_xHistoriography.
_2BUEsh
653 _cApril2026
_bART
655 _vReading book
700 1 _aLees-Maffei, Grace,
_eeditor.
700 1 _aHouze, Rebecca,
_eeditor.
942 _2ddc
_cBB
999 _c31183
_d31154